| 000 | 00521nam a2200097Ia 4500 | ||
|---|---|---|---|
| 008 | 170517s9999 xx 000 0 und d | ||
| 245 | _aWhen Food Kills | ||
| 300 | _aIt’s every parent’s worst nightmare. One moment their child is perfectly healthy. The next, they’ve stopped breathing and are turning blue. For many children, the merest hint of nut is all it takes to send them into anaphylactic shock. Food allergies are on the... | ||
| 650 | _xTechnology. | ||
| 856 | _uhttp://topdocumentaryfilms.com/when-food-kills/ | ||
| 999 |
_c335145 _d335145 |
||